Library of the University of Algiers 3
Ibrahim Sultan Cheibout
شعار جامعة الجزائر 3
مكتبة جامعة الجزائر 3
إبراهيم سلطان شيبوط

الجبر المجرد : (رقم التسجيلة. 43143)

تفاصيل مارك
000 -LEADER
fixed length control field 00857nam a2200229Ia 4500
003 - CONTROL NUMBER IDENTIFIER
control field Ost
005 - DATE AND TIME OF LATEST TRANSACTION
control field 20260507075125.0
008 - FIXED-LENGTH DATA ELEMENTS--GENERAL INFORMATION
fixed length control field 260507s9999||||xx |||||||||||||| ||und||
020 ## - INTERNATIONAL STANDARD BOOK NUMBER
International Standard Book Number 5308109959
040 ## - CATALOGING SOURCE
Transcribing agency fsecg
041 ## - LANGUAGE CODE
Language code of text/sound track or separate title ara
082 ## - DEWEY DECIMAL CLASSIFICATION NUMBER
Classification number 0
100 ## - MAIN ENTRY--PERSONAL NAME
Personal name علي حمادي، بروين
Relator term مؤلف
245 #0 - TITLE STATEMENT
Title الجبر المجرد :
Remainder of title الزمر والحلقات /
Statement of responsibility, etc. بروين علي حمادي
260 ## - PUBLICATION, DISTRIBUTION, ETC.
Place of publication, distribution, etc. بنغازي:
Name of publisher, distributor, etc. جامعة عمر المختار,
Date of publication, distribution, etc. 2005
300 ## - PHYSICAL DESCRIPTION
Extent 374 صفحة؛
Other physical details إيضاحات ؛
Dimensions 25 سم
520 ## - SUMMARY, ETC.
Summary, etc. الزمر-زمر القسمة والتشاكلات الزمرية-مبرهنات سايلو-الحلقات المثاليات-حلقات متعددة الحدود وتوسيعات الحقل
653 ## - INDEX TERM--UNCONTROLLED
Uncontrolled term التشاكلات
653 ## - INDEX TERM--UNCONTROLLED
Uncontrolled term الجبر
653 ## - INDEX TERM--UNCONTROLLED
Uncontrolled term الزمر
942 ## - ADDED ENTRY ELEMENTS (KOHA)
Koha item type كتب

لا توجد مواد متاحة.

موارد الويب المفتوحة


© University of Algiers 3 All Rights Reserved
|
Implemented by LECHELAH Riad